Musicals Word Scramble - Statistics

General Stats
  • This quiz has been taken 164 times
  • The average score is 4 of 16
Answer Stats
Hint Answer % Correct
Cast Cats
99%
Hike not ling The Lion King
55%
See rag Grease
54%
Rip has ray Hairspray
36%
Bare act Cabaret
32%
Sirs seem label Les Miserables
26%
Girls armed Dreamgirls
25%
Moan hilt Hamilton
24%
Teens hit high In the Heights
9%
Ties yet swords West Side Story
9%
Amigos sins Miss Saigon
8%
Racist set Sister Act
6%
Gun euro limo Moulin Rouge
5%
Staging honey Anything Goes
1%
Bad nose vultures Sunset Boulevard
1%
Lucky wire wool We Will Rock You
1%
No matching quizzes found
Score Distribution
Percent of People with Each Score
Percentile by Number Answered
Your Score History
You have not taken this quiz